000 00446nam a2200181Ia 4500
005 20240823061514.0
008 240823s9999||||xx |||||||||||||| ||und||
041 _aENGLISH
082 _A581 Q6
100 _aSivakumar K
245 0 _aAlgae : A Practical Approach
250 _a1st
260 _c2016
_bMJP Publi
500 _aYES
650 _aHuman Genetics and Molecular Biology
_bAllied Health Science
942 _cBK
999 _c233693
_d233693